000 02290nam0a2200397 4500
001 RU\NLR\BIBL_A\012770863
005 20220621145811.0
010 _a978-5-9961-2757-3
_9500
021 _aRU
_bКН-П-22-000733
_9КН-П-22-0051
035 _a(NLR Aleph) 012770863
035 _a(RuMoRGB)010957223
090 _a13092195
_c13092195
100 _a20220422d2021 k y0rusy50 ca
101 0 _arus
102 _aRU
105 _aa z 000zy
181 0 _ai
_baxxe
182 0 _an
200 1 _aУправление качеством и конкурентоспособностью компаний на рынке транспортно-логистического обслуживания
_eмонография
_fМ. Г. Салько, Т. В. Малютина, Л. Л. Тонышева
_gМинистерство науки и высшего образования Российской Федерации, Федеральное государственное бюджетное образовательное учреждение высшего образования "Тюменский индустриальный университет"
203 _aТекст
_bвизуальный
_cнепосредственный
210 _aТюмень
_cТИУ
_d2021
215 _a161 с.
_cил.
_d21
320 _aБиблиогр.: с. 152-161 (135 назв.)
606 1 _aЛогистика транспортная
_yРоссийская Федерация
_92563502
_3RU\NLR\AUTH\661516306
606 1 _aТранспорт
_xПредприятия
_xКачество
_xУправление
_92134901
_3RU\NLR\AUTH\661591757
606 1 _aТранспорт
_xПредприятия
_xКонкурентоспособность
_92115428
_3RU\NLR\AUTH\661581532
686 1 _aУ37(2)-59(2Р)в611
686 1 _aУ37(2)-823.2-21(2Р)
686 1 _aУ37(2)-13-21(2Р)
700 1 _aСалько
_bМ. Г.
_gМирослава Геннадьевна
701 1 _aМалютина
_bТ. В.
_cканд. экон. наук
_gТатьяна Валентиновна
_9140184
_3RU\NLR\AUTH\770140220
701 1 _aТонышева
_bЛ. Л
_gЛюбовь Леонидовна
942 _cBOOK
980 _aNB